[Event "Oberliga NRW 2324"]
[Site "Germany"]
[Date "2024.04.28"]
[Round "9.3"]
[White "Gassmann, Volker"]
[Black "Schmidt, Bodo"]
[Result "0-1"]
[WhiteElo "2083"]
[BlackElo "2258"]
[PlyCount "56"]
[EventDate "2023.09.03"]
[EventType "team-tourn"]
[EventRounds "9"]
[EventCountry "GER"]
[SourceTitle "EXT 2025"]
[Source "ChessBase"]
[SourceDate "2024.10.14"]
[SourceVersion "1"]
[SourceVersionDate "2024.10.14"]
[SourceQuality "1"]
[WhiteTeam "Essen Katernberg II"]
[BlackTeam "Koeln Porz II"]
[WhiteTeamCountry "GER"]
[BlackTeamCountry "GER"]

1. d4 d5 2. c4 c6 3. Nc3 Nf6 4. e3 e6 5. Nf3 Nbd7 6. b3 Bb4 7. Bd2 Qe7 8. cxd5 exd5 9. Bd3 0-0 10. Qc2 Re8 11. 0-0 Nf8 12. Rfe1 Ng6 13. h3 Bd7 14. Ng5 Bxc3 15. Bxc3 Ne4 16. Nxe4 dxe4 17. Bf1 Nh4 18. Kh1 Qd6 19. Qe2 Qh6 20. Red1 Nxg2 21. Bxg2 Bxh3 22. f3 exf3 23. Bxf3 Bg4+ 24. Kg2 Rxe3 25. Bxg4 Rxe2+ 26. Bxe2 Qe3 27. Bd3 Rd8 28. Rd2 Rd5 0-1

[Event "GER-ch Amateurs"]
[Site "Bad Wildungen"]
[Date "2024.??.??"]
[Round "3"]
[White "Gassmann, Volker"]
[Black "Hauser, Carlos"]
[Result "1/2-1/2"]
[WhiteElo "2077"]
[BlackElo "2217"]
[PlyCount "54"]
[EventDate "2024.08.03"]
[EventType "swiss"]
[EventRounds "5"]
[EventCountry "GER"]
[SourceTitle "CBM 221 Extra"]
[Source "ChessBase"]
[SourceDate "2024.09.30"]
[SourceVersion "1"]
[SourceVersionDate "2024.09.30"]
[SourceQuality "1"]

1. d4 d5 2. c4 c6 3. Nc3 Nf6 4. e3 a6 5. Nf3 Bf5 6. cxd5 cxd5 7. Qb3 Ra7 8. Nh4 Be4 9. f3 Bg6 10. Be2 e6 11. Nxg6 hxg6 12. Bd2 Be7 13. f4 Nc6 14. Rc1 0-0 15. 0-0 Na5 16. Qd1 b5 17. b3 Qb6 18. Bd3 Rc7 19. Nb1 Nc6 20. Qe2 Rfc8 21. Kh1 Nb4 22. Bxb4 Bxb4 23. Rxc7 Qxc7 24. a3 Bd6 25. g3 Ne4 26. Qb2 f5 27. Kg2 Kf7 1/2-1/2

[Event "Oberliga NRW 2122"]
[Site "Germany"]
[Date "2022.05.08"]
[Round "9.8"]
[White "Hinkmann, Jens"]
[Black "Gassmann, Volker"]
[Result "1/2-1/2"]
[WhiteElo "2094"]
[BlackElo "2215"]
[PlyCount "71"]
[EventDate "2021.10.31"]
[EventType "team-tourn"]
[EventRounds "9"]
[EventCountry "GER"]
[SourceTitle "EXT 2023"]
[Source "ChessBase"]
[SourceDate "2022.10.05"]
[SourceVersion "1"]
[SourceVersionDate "2022.10.05"]
[SourceQuality "1"]
[WhiteTeam "Bochum II"]
[BlackTeam "Essen Katernberg"]
[WhiteTeamCountry "GER"]
[BlackTeamCountry "GER"]

1. e4 Nf6 2. Nc3 e6 3. e5 Nd5 4. Nxd5 exd5 5. d4 d6 6. Nf3 Be7 7. Bd3 Bg4 8. h3 Bxf3 9. Qxf3 Nc6 10. Qxd5 dxe5 11. Qxd8+ Rxd8 12. dxe5 Nxe5 13. Be4 c6 14. Bf4 Bf6 15. Rd1 Ng6 16. Rxd8+ Kxd8 17. Bxg6 hxg6 18. b3 Re8+ 19. Kd1 Bd4 20. f3 Bf2 21. Rf1 Bh4 22. Rg1 Kc8 23. g3 Bf6 24. Re1 Rd8+ 25. Ke2 g5 26. Be3 b6 27. Rd1 Rh8 28. Rh1 Be5 29. Kf2 f6 30. Kg2 Re8 31. Re1 Bc3 32. Re2 Kd7 33. Kf2 Rh8 34. Kg2 Re8 35. Kf2 c5 36. f4 1/2-1/2

[Event "NRW Class2 1819"]
[Site "Germany"]
[Date "2018.11.18"]
[Round "3.5"]
[White "Gassmann, Volker"]
[Black "Darwisch, Khaled"]
[Result "1-0"]
[WhiteElo "2171"]
[BlackElo "2130"]
[PlyCount "77"]
[EventDate "2018.09.16"]
[EventType "team-tourn"]
[EventRounds "9"]
[EventCountry "GER"]
[SourceTitle "EXT 2022"]
[Source "ChessBase"]
[SourceDate "2021.10.06"]
[SourceVersion "1"]
[SourceVersionDate "2021.10.06"]
[SourceQuality "1"]
[WhiteTeam "Essen Katernberg"]
[BlackTeam "Suedlohn"]
[WhiteTeamCountry "GER"]
[BlackTeamCountry "GER"]

1. c4 d6 2. Nc3 g6 3. d4 Bg7 4. e4 Nd7 5. Be3 e5 6. Be2 Ne7 7. dxe5 dxe5 8. Qc2 0-0 9. 0-0-0 c6 10. h4 h6 11. h5 g5 12. Bg4 Qe8 13. Nge2 Nb6 14. Bxc8 Qxc8 15. Bc5 Re8 16. b3 Nd7 17. Bd6 Nf8 18. Ng3 Ne6 19. Nce2 c5 20. Bxe7 Rxe7 21. Nf5 Rd7 22. Rd5 Qc7 23. Rhd1 Nd4 24. Qd3 Rxd5 25. cxd5 Qa5 26. Nexd4 cxd4 27. Kb1 Bf8 28. Qc4 Rb8 29. d6 Rd8 30. Rc1 Rxd6 31. Nxd6 Bxd6 32. Qd5 Qa6 33. Rc4 Kg7 34. a4 Qb6 35. Qb5 Qd8 36. Qxb7 a5 37. Qd5 Qb8 38. Qb5 Qa8 39. Rc6 1-0

[Event "NRW Class2 1819"]
[Site "Germany"]
[Date "2018.10.14"]
[Round "2.5"]
[White "Hoenig, Alexander"]
[Black "Gassmann, Volker"]
[Result "0-1"]
[WhiteElo "2155"]
[BlackElo "2171"]
[PlyCount "72"]
[EventDate "2018.09.16"]
[EventType "team-tourn"]
[EventRounds "9"]
[EventCountry "GER"]
[SourceTitle "EXT 2022"]
[Source "ChessBase"]
[SourceDate "2021.10.06"]
[SourceVersion "1"]
[SourceVersionDate "2021.10.06"]
[SourceQuality "1"]
[WhiteTeam "Duesseldorf II"]
[BlackTeam "Essen Katernberg"]
[WhiteTeamCountry "GER"]
[BlackTeamCountry "GER"]

1. Nf3 Nf6 2. d4 c5 3. c3 b6 4. Bf4 Nh5 5. Bd2 g6 6. e4 d6 7. Bb5+ Bd7 8. Qe2 Bxb5 9. Qxb5+ Qd7 10. Qxd7+ Nxd7 11. 0-0 Bg7 12. d5 0-0 13. Na3 a6 14. Nc4 Rfc8 15. a4 Kf8 16. h3 Nhf6 17. Rfe1 b5 18. axb5 axb5 19. Na5 Ra6 20. c4 b4 21. e5 dxe5 22. Be3 Ne8 23. Nb3 Rxa1 24. Rxa1 Nd6 25. Ra7 Ke8 26. Nbd2 h6 27. b3 f5 28. Nf1 g5 29. g4 f4 30. Bc1 e4 31. N3d2 Bd4 32. Kg2 Ne5 33. Nh2 Nd3 34. Nxe4 Nxe4 35. f3 Ng3 36. Bd2 Bc3 0-1

[Event "Staufer op-A 30th"]
[Site "Schwaebisch Gmuend"]
[Date "2018.01.02"]
[Round "1"]
[White "Gassmann, Volker"]
[Black "Dgebuadze, Alexandre"]
[Result "1-0"]
[WhiteElo "2148"]
[BlackElo "2521"]
[PlyCount "125"]
[EventDate "2018.01.02"]
[EventType "swiss"]
[EventRounds "9"]
[EventCountry "GER"]
[SourceTitle "CBM 182 Extra"]
[Source "ChessBase"]
[SourceDate "2018.02.23"]
[SourceVersion "1"]
[SourceVersionDate "2018.02.23"]
[SourceQuality "1"]

1. d4 e6 2. c4 Bb4+ 3. Bd2 a5 4. g3 Nc6 5. Nf3 d6 6. Bg2 e5 7. 0-0 Bxd2 8. Qxd2 Bg4 9. dxe5 dxe5 10. Qe3 Bxf3 11. Bxf3 Nf6 12. Nc3 0-0 13. Rad1 Qc8 14. Qc5 b6 15. Qa3 Qe6 16. Nd5 Rac8 17. Rd2 Nxd5 18. Bxd5 Qh6 19. Rfd1 Nd4 20. e3 Ne6 21. Qe7 Rfe8 22. Qd7 Qf6 23. Bxe6 fxe6 24. Qc6 Rf8 25. c5 bxc5 26. Qxc5 h5 27. h4 g5 28. hxg5 Qxg5 29. Qc4 Qf5 30. Qh4 Rb8 31. e4 Qg4 32. Qxg4+ hxg4 33. Rc1 Rb4 34. Rxc7 Rxe4 35. Rdd7 Rf3 36. Kf1 Rb4 37. b3 a4 38. Rd8+ Rf8 39. Rxf8+ Kxf8 40. Rc4 Rxc4 41. bxc4 e4 42. Ke2 Ke7 43. Ke3 Kd6 44. Kxe4 Kc5 45. f3 gxf3 46. Kxf3 Kd4 47. g4 e5 48. g5 Kd3 49. g6 e4+ 50. Kf4 e3 51. g7 e2 52. g8Q e1Q 53. Qd5+ Kc2 54. Qe4+ Qxe4+ 55. Kxe4 Kb2 56. c5 Kxa2 57. c6 a3 58. c7 Kb2 59. c8Q a2 60. Qb7+ Kc2 61. Qa6 Kb2 62. Qb5+ Ka1 63. Qe2 1-0

[Event "NRW Class1 1617"]
[Site "Germany"]
[Date "2017.02.12"]
[Round "6.4"]
[White "Gassmann, Volker"]
[Black "Schulze, Marc Andre"]
[Result "0-1"]
[WhiteElo "2201"]
[BlackElo "2155"]
[PlyCount "64"]
[EventDate "2016.09.25"]
[EventType "team-tourn"]
[EventRounds "9"]
[EventCountry "GER"]
[SourceTitle "EXT 2023"]
[Source "ChessBase"]
[SourceDate "2022.10.05"]
[SourceVersion "1"]
[SourceVersionDate "2022.10.05"]
[SourceQuality "1"]
[WhiteTeam "Katernberg SF II"]
[BlackTeam "Plettenberg"]
[WhiteTeamCountry "GER"]
[BlackTeamCountry "GER"]

1. c4 Nf6 2. Nc3 c5 3. g3 g6 4. Bg2 Bg7 5. Nf3 Nc6 6. 0-0 0-0 7. d4 d6 8. dxc5 dxc5 9. Be3 Qa5 10. Qa4 Qxa4 11. Nxa4 b6 12. Rad1 Bb7 13. h3 Rad8 14. b3 Nb4 15. a3 Nc2 16. Bc1 Bxf3 17. Bxf3 Nd4 18. b4 Nd7 19. Bg5 Rfe8 20. bxc5 bxc5 21. Kg2 Rc8 22. Rb1 Nxf3 23. exf3 Bd4 24. Rb7 Ne5 25. Rc1 e6 26. Rc2 Rb8 27. Rxb8 Rxb8 28. Bf4 Rc8 29. Be3 Nd3 30. Rd2 Ne1+ 31. Kf1 Nxf3 32. Rd3 Ne5 0-1

[Event "NRW Class1 1617"]
[Site "Germany"]
[Date "2017.01.22"]
[Round "5.4"]
[White "Schiffer, Stefan"]
[Black "Gassmann, Volker"]
[Result "0-1"]
[WhiteElo "2207"]
[BlackElo "2201"]
[PlyCount "80"]
[EventDate "2016.09.25"]
[EventType "team-tourn"]
[EventRounds "9"]
[EventCountry "GER"]
[SourceTitle "EXT 2023"]
[Source "ChessBase"]
[SourceDate "2022.10.05"]
[SourceVersion "1"]
[SourceVersionDate "2022.10.05"]
[SourceQuality "1"]
[WhiteTeam "Bruehl"]
[BlackTeam "Katernberg SF II"]
[WhiteTeamCountry "GER"]
[BlackTeamCountry "GER"]

1. d4 Nf6 2. c4 c5 3. d5 e5 4. Nc3 d6 5. g3 g6 6. Bg2 Bg7 7. Nf3 0-0 8. 0-0 Ne8 9. e4 a6 10. a4 b6 11. Ne1 Ra7 12. Nd3 Re7 13. b4 f5 14. Ba3 a5 15. bxa5 bxa5 16. Nxc5 dxc5 17. Bxc5 Na6 18. Bxe7 Qxe7 19. exf5 gxf5 20. Nb5 Nd6 21. Qc2 Nc5 22. Rfe1 Bd7 23. Ra2 Rc8 24. Bh3 Nce4 25. Nxd6 Qxd6 26. f3 Qc5+ 27. Kh1 Nd6 28. Rc1 Bh6 29. Re1 Be3 30. Qd3 Bd4 31. Qd2 Nf7 32. Rc2 Qb4 33. Qc1 Rc5 34. Rd1 Qb3 35. d6 Bxa4 36. Rdd2 Bd7 37. Re2 a4 38. f4 e4 39. Qd2 Rxc4 40. Rxc4 Qxc4 0-1

[Event "BL2-West 1617"]
[Site "Germany"]
[Date "2016.12.05"]
[Round "3.6"]
[White "Kalka, Arkadius Georg"]
[Black "Gassmann, Volker"]
[Result "1-0"]
[WhiteElo "2334"]
[BlackElo "2196"]
[PlyCount "105"]
[EventDate "2016.10.16"]
[EventType "team-tourn"]
[EventRounds "9"]
[EventCountry "GER"]
[SourceTitle "EXT 2018"]
[Source "ChessBase"]
[SourceDate "2017.10.13"]
[SourceVersion "1"]
[SourceVersionDate "2017.10.13"]
[SourceQuality "1"]
[WhiteTeam "Dortmund Hansa"]
[BlackTeam "Katernberg"]
[WhiteTeamCountry "GER"]
[BlackTeamCountry "GER"]

1. c4 e5 2. Nc3 Nf6 3. Nf3 Nc6 4. a3 d6 5. d4 Bg4 6. d5 Nb8 7. e4 a5 8. Be3 Be7 9. h3 Bxf3 10. Qxf3 0-0 11. g4 Nfd7 12. h4 Na6 13. g5 Nac5 14. 0-0-0 a4 15. Be2 Ra6 16. Rdg1 Rb6 17. h5 Rb3 18. Rg4 c6 19. g6 fxg6 20. Qg2 g5 21. Bxg5 Bxg5+ 22. Rxg5 Rf7 23. h6 Qf8 24. hxg7 Rxg7 25. Kb1 Nf6 26. Rg1 Rxg5 27. Qxg5+ Kh8 28. Qf5 Rb6 29. Rh1 Ra6 30. f4 exf4 31. e5 dxe5 32. Qxe5 Ncd7 33. Qxf4 Ra8 34. Bd3 Re8 35. Qf5 Qg7 36. dxc6 bxc6 37. Nxa4 Re5 38. Qf3 c5 39. Nc3 Nf8 40. Nd5 N6d7 41. Bc2 Rg5 42. Re1 Rg3 43. Qe2 Rg2 44. Qe8 Qd4 45. Ne3 Rg8 46. Nf5 Qxc4 47. Nd6 Qd4 48. Nf7+ Kg7 49. Qe7 Qf6 50. Rg1+ Ng6 51. Qxd7 Qxf7 52. Qxf7+ Kxf7 53. Bb3+ 1-0

[Event "NRW Class1 1617"]
[Site "Germany"]
[Date "2016.11.13"]
[Round "3.5"]
[White "Gassmann, Volker"]
[Black "Graeber, Ralf"]
[Result "0-1"]
[WhiteElo "2201"]
[BlackElo "2191"]
[PlyCount "104"]
[EventDate "2016.09.25"]
[EventType "team-tourn"]
[EventRounds "9"]
[EventCountry "GER"]
[SourceTitle "EXT 2023"]
[Source "ChessBase"]
[SourceDate "2022.10.05"]
[SourceVersion "1"]
[SourceVersionDate "2022.10.05"]
[SourceQuality "1"]
[WhiteTeam "Katernberg SF II"]
[BlackTeam "Ratingen"]
[WhiteTeamCountry "GER"]
[BlackTeamCountry "GER"]

1. d4 e6 2. e4 d5 3. e5 c5 4. c3 Bd7 5. Nf3 Qb6 6. Bd3 Bb5 7. dxc5 Bxc5 8. b4 Bxd3 9. Qxd3 Bxf2+ 10. Ke2 Nc6 11. Rf1 f6 12. Rxf2 fxe5 13. Ng5 e4 14. Qh3 Nd8 15. Be3 Qa6+ 16. Ke1 Ne7 17. Nxh7 Nf7 18. Qh5 Nf5 19. Rxf5 exf5 20. Qxf5 Rd8 21. Nd2 Rd7 22. Nb3 Qc4 23. Rc1 Re7 24. Nc5 b6 25. Ne6 Rxh7 26. Qxh7 Rxe6 27. Qxg7 Qxa2 28. Kf1 Re5 29. Kg1 Qe2 30. Qg3 Rf5 31. Re1 Qd3 32. Qb8+ Nd8 33. Bd4 Qd2 34. Qg3 Rg5 35. Qf2 Qxf2+ 36. Kxf2 Nc6 37. Be3 Rf5+ 38. Ke2 Ne5 39. Ra1 Rf7 40. h3 Nc4 41. Bd4 Nd6 42. Rd1 Rf5 43. h4 Nb5 44. Ke3 Kf7 45. c4 dxc4 46. g4 Rd5 47. Rf1+ Kg6 48. Bf6 Nd6 49. Be7 Nf7 50. g5 Re5 51. Bf6 Re6 52. Ra1 Nh6 0-1

[Event "NRW Class1 1617"]
[Site "Germany"]
[Date "2016.10.23"]
[Round "2.4"]
[White "Gassmann, Volker"]
[Black "Wolter, Kai"]
[Result "1/2-1/2"]
[WhiteElo "2201"]
[BlackElo "2269"]
[PlyCount "174"]
[EventDate "2016.09.25"]
[EventType "team-tourn"]
[EventRounds "9"]
[EventCountry "GER"]
[SourceTitle "EXT 2023"]
[Source "ChessBase"]
[SourceDate "2022.10.05"]
[SourceVersion "1"]
[SourceVersionDate "2022.10.05"]
[SourceQuality "1"]
[WhiteTeam "Katernberg SF II"]
[BlackTeam "Muenster SK"]
[WhiteTeamCountry "GER"]
[BlackTeamCountry "GER"]

1. d4 Nf6 2. c4 g6 3. Nf3 Bg7 4. g3 0-0 5. Bg2 d6 6. 0-0 Nc6 7. Nc3 a6 8. b3 Rb8 9. Nd5 e6 10. Nxf6+ Qxf6 11. Bg5 Qf5 12. Qd2 Nxd4 13. Nxd4 Bxd4 14. Qxd4 Qxg5 15. Qa7 Bd7 16. Bxb7 a5 17. Bf3 Qc5 18. Qxc5 dxc5 19. Rfd1 Rfd8 20. Rd3 Kf8 21. Re3 f6 22. Rd1 Rb6 23. Kf1 Rd6 24. Ke1 Be8 25. Rxd6 Rxd6 26. h4 h6 27. Bg4 e5 28. Bf3 g5 29. hxg5 hxg5 30. Be4 Bd7 31. Bd3 Rd4 32. Bc2 Ke7 33. Rc3 Bg4 34. f3 Be6 35. g4 Rd8 36. Kf2 Rh8 37. Kg2 Rd8 38. Bd3 Rh8 39. Rc1 Rh4 40. Rd1 Rh8 41. Kf2 a4 42. Bc2 axb3 43. axb3 Ra8 44. Rh1 Ra2 45. Bf5 Bg8 46. Rd1 Be6 47. Bxe6 Kxe6 48. Rd5 c6 49. Rd8 Rb2 50. Rb8 Rd2 51. Ke3 Rd4 52. Ra8 Ke7 53. Ra6 Kd7 54. Ra7+ Ke6 55. Ra1 Ke7 56. Ra2 Rd1 57. Ra5 Rb1 58. Ke4 Rxb3 59. Kf5 Rb4 60. Ra7+ Kd6 61. Rf7 Rxc4 62. Rxf6+ Kd5 63. Kxg5 Rc2 64. e4+ Kd4 65. Kf5 c4 66. Rxc6 c3 67. Rd6+ Ke3 68. g5 Rg2 69. Rc6 c2 70. g6 Kd2 71. Rd6+ Ke1 72. Rc6 Kd2 73. Rd6+ Ke3 74. Rc6 Kd2 75. Rc5 c1Q 76. Rxc1 Kxc1 77. Kxe5 Rxg6 78. f4 Kd2 79. f5 Ra6 80. Kf4 Kd3 81. e5 Kd4 82. e6 Kd5 83. Kg5 Ke5 84. e7 Ra8 85. Kg6 Kd6 86. f6 Ke6 87. Kg7 Re8 1/2-1/2

[Event "NRW Class1 1617"]
[Site "Germany"]
[Date "2016.09.25"]
[Round "1.4"]
[White "Gassmann, Volker"]
[Black "Heinbuch, Detlef Ulrich"]
[Result "0-1"]
[WhiteElo "2201"]
[BlackElo "2303"]
[PlyCount "150"]
[EventDate "2016.09.25"]
[EventType "team-tourn"]
[EventRounds "9"]
[EventCountry "GER"]
[SourceTitle "EXT 2023"]
[Source "ChessBase"]
[SourceDate "2022.10.05"]
[SourceVersion "1"]
[SourceVersionDate "2022.10.05"]
[SourceQuality "1"]
[WhiteTeam "Katernberg SF II"]
[BlackTeam "Bochum SV"]
[WhiteTeamCountry "GER"]
[BlackTeamCountry "GER"]

1. c4 c5 2. Nf3 b6 3. d4 cxd4 4. Nxd4 Bb7 5. Nc3 Nf6 6. f3 d6 7. e4 Nbd7 8. Be2 a6 9. Be3 e6 10. 0-0 Be7 11. Qd2 0-0 12. Rfc1 Qc7 13. Bf1 Rac8 14. Qf2 Qb8 15. a4 Bd8 16. Nb3 Nc5 17. Nd2 a5 18. Nb5 Nfd7 19. Ra3 Bf6 20. Rb1 Bc6 21. b4 axb4 22. Rxb4 Bxb5 23. Rxb5 Qc7 24. a5 bxa5 25. Rbxa5 Rb8 26. Ra2 Rb2 27. Rxb2 Qxa5 28. Nb3 Nxb3 29. Rxb3 Rc8 30. Rd3 Rc6 31. Rd1 g6 32. g3 Qc7 33. Qd2 Ne5 34. Kg2 h5 35. Bf4 Rb6 36. Rc1 Rb3 37. Be2 Qc5 38. Rc2 Kg7 39. Bh6+ Kg8 40. Bf4 Kh7 41. Bh6 Nd7 42. h4 Bd8 43. Rc3 Ba5 44. Rxb3 Bxd2 45. Bxd2 Ne5 46. Be3 Qc6 47. Rb6 Qc7 48. Bf2 Nd7 49. Ra6 Nc5 50. Ra2 f5 51. exf5 gxf5 52. Be3 Qb7 53. Rd2 Qc6 54. Kf2 Kg6 55. Rd1 Nd7 56. Rb1 Nc5 57. Rd1 Na4 58. Rd3 e5 59. Rb3 Qc7 60. Ra3 f4 61. gxf4 exf4 62. Bd4 Nc5 63. Kf1 Qb7 64. Kg2 Kf5 65. Ra5 Qb4 66. Rb5 Qd2 67. Bxc5 dxc5 68. Rxc5+ Ke6 69. Kf1 Qc1+ 70. Kg2 Qe1 71. Bf1 Qg3+ 72. Kh1 Qf2 73. Bh3+ Kd6 74. Rd5+ Kc6 75. Rxh5 Qe1+ 0-1

[Event "NRW Class1 1516"]
[Site "Germany"]
[Date "2015.12.20"]
[Round "4.6"]
[White "Klauke, Stefan"]
[Black "Gassmann, Volker"]
[Result "1/2-1/2"]
[WhiteElo "2099"]
[BlackElo "2104"]
[PlyCount "104"]
[EventDate "2015.09.27"]
[EventType "team-tourn"]
[EventRounds "9"]
[EventCountry "GER"]
[SourceTitle "EXT 2017"]
[Source "ChessBase"]
[SourceDate "2016.10.25"]
[SourceVersion "1"]
[SourceVersionDate "2016.10.25"]
[SourceQuality "1"]
[WhiteTeam "Iserlohn Koenigsspringer"]
[BlackTeam "Katernberg II"]
[WhiteTeamCountry "GER"]
[BlackTeamCountry "GER"]

1. d4 Nf6 2. Nc3 d5 3. Bg5 Nbd7 4. e3 g6 5. Bd3 Bg7 6. f4 0-0 7. Nf3 c5 8. 0-0 Qb6 9. Qd2 a6 10. Bxf6 Qxf6 11. Nxd5 Qd6 12. Nc3 cxd4 13. exd4 Bxd4+ 14. Nxd4 Qxd4+ 15. Qf2 Qxf2+ 16. Rxf2 Nc5 17. Nd5 e6 18. Nb6 Rb8 19. Rd1 Rd8 20. Rfd2 Rd6 21. Nc4 Rc6 22. Ne5 Rc7 23. Be2 Kg7 24. Bf3 f6 25. Nc4 Na4 26. Nd6 Re7 27. c4 a5 28. Ne4 f5 29. Nf2 Nc5 30. Nd3 Nxd3 31. Rxd3 Rc7 32. b3 b5 33. cxb5 Rxb5 34. Rd6 Rbc5 35. R1d2 Rc2 36. Kf2 Kf6 37. h4 h6 38. Bd1 Rxd2+ 39. Rxd2 g5 40. hxg5+ hxg5 41. fxg5+ Kxg5 42. Rc2 Rxc2+ 43. Bxc2 e5 44. a3 Bb7 45. g3 e4 46. b4 axb4 47. axb4 Kg4 48. Bd1+ Kh3 49. b5 e3+ 50. Kxe3 Kxg3 51. Kd4 f4 52. b6 Kf2 1/2-1/2

[Event "NRW Class1 1516"]
[Site "Germany"]
[Date "2015.09.27"]
[Round "1.2"]
[White "Lindam, Ingo"]
[Black "Gassmann, Volker"]
[Result "1/2-1/2"]
[WhiteElo "2058"]
[BlackElo "2104"]
[PlyCount "187"]
[EventDate "2015.09.27"]
[EventType "team-tourn"]
[EventRounds "9"]
[EventCountry "GER"]
[SourceTitle "EXT 2017"]
[Source "ChessBase"]
[SourceDate "2016.10.25"]
[SourceVersion "1"]
[SourceVersionDate "2016.10.25"]
[SourceQuality "1"]
[WhiteTeam "Koeln Lasker"]
[BlackTeam "Katernberg II"]
[WhiteTeamCountry "GER"]
[BlackTeamCountry "GER"]

1. d4 Nf6 2. Bg5 Ne4 3. h4 c5 4. dxc5 Na6 5. Nd2 Naxc5 6. Nxe4 Nxe4 7. Qd5 Nxg5 8. hxg5 Qb6 9. 0-0-0 d6 10. e3 Be6 11. Bb5+ Kd8 12. Qd3 Rc8 13. Nf3 a6 14. Ba4 g6 15. Bb3 Bxb3 16. Qxb3 Qxb3 17. axb3 Rc5 18. Rh4 Ra5 19. Kb1 h5 20. g4 Rg8 21. Rd4 hxg4 22. Rdxg4 Rf5 23. Rh3 Bg7 24. e4 Rc5 25. c3 Kd7 26. Rh7 Ke6 27. Nd4+ Kd7 28. Nf3 a5 29. Rf4 Ke8 30. Kc2 Kf8 31. Nd4 Re5 32. Nf3 Rc5 33. Nd4 Ke8 34. Nf3 b6 35. Kd3 b5 36. Kd2 e5 37. Rfh4 d5 38. Ne1 dxe4 39. Rxe4 Rd5+ 40. Kc2 Rh8 41. Rxh8+ Bxh8 42. Nd3 Kd7 43. c4 bxc4 44. bxc4 Rd4 45. Nxe5+ Bxe5 46. Rxe5 Rxc4+ 47. Kd3 Ra4 48. b3 Ra3 49. Kc4 Kd6 50. Rd5+ Ke6 51. Rd3 a4 52. bxa4 Rxa4+ 53. Kb3 Rf4 54. Rd2 Kf5 55. Kc3 Kxg5 56. Kd3 Kg4 57. Ke2 f5 58. Rd3 Re4+ 59. Kf1 Kf4 60. Kg2 g5 61. Rf3+ Ke5 62. Ra3 Re1 63. Ra5+ Kf4 64. Ra4+ Re4 65. Ra3 g4 66. Rb3 Rc4 67. Ra3 Kg5 68. Ra5 Rc3 69. Rb5 Rd3 70. Ra5 Kf4 71. Ra4+ Ke5 72. Ra5+ Kf6 73. Ra6+ Kg5 74. Ra5 Rf3 75. Ra8 Rd3 76. Ra5 Rd4 77. Rb5 Kf4 78. Rb3 Rd5 79. Ra3 Kg5 80. Ra8 f4 81. Rg8+ Kh4 82. Rh8+ Rh5 83. Rg8 f3+ 84. Kh2 Rh6 85. Rg7 Re6 86. Rg8 Re4 87. Rh8+ Kg5 88. Rg8+ Kf4 89. Rf8+ Kg5 90. Rg8+ Kf5 91. Rf8+ Kg6 92. Rg8+ Kf7 93. Rg5 Kf6 94. Rg8 1/2-1/2

[Event "Vellmar op 7th"]
[Site "Vellmar"]
[Date "2015.08.09"]
[Round "7"]
[White "Gassmann, Volker"]
[Black "Werner, Martin"]
[Result "1-0"]
[WhiteElo "2207"]
[BlackElo "1993"]
[PlyCount "35"]
[EventDate "2015.08.06"]
[EventType "swiss"]
[EventRounds "7"]
[EventCountry "GER"]
[SourceTitle "CBM 167 Extra"]
[Source "ChessBase"]
[SourceDate "2015.09.14"]
[SourceVersion "1"]
[SourceVersionDate "2015.09.14"]
[SourceQuality "1"]

1. d4 d5 2. c4 e6 3. Nc3 c5 4. cxd5 exd5 5. Nf3 Nc6 6. dxc5 d4 7. Na4 Nf6 8. e3 Bg4 9. Be2 Bxf3 10. Bxf3 Bxc5 11. 0-0 Bd6 12. exd4 Nxd4 13. Re1+ Ne6 14. Bxb7 Bxh2+ 15. Kh1 Nd7 16. Qh5 Be5 17. Rxe5 Nxe5 18. Bxa8 1-0

[Event "Vellmar op 7th"]
[Site "Vellmar"]
[Date "2015.08.08"]
[Round "4"]
[White "Gassmann, Volker"]
[Black "Hansult, Manfred"]
[Result "1-0"]
[WhiteElo "2207"]
[BlackElo "1950"]
[PlyCount "77"]
[EventDate "2015.08.06"]
[EventType "swiss"]
[EventRounds "7"]
[EventCountry "GER"]
[SourceTitle "CBM 167 Extra"]
[Source "ChessBase"]
[SourceDate "2015.09.14"]
[SourceVersion "1"]
[SourceVersionDate "2015.09.14"]
[SourceQuality "1"]

1. e4 c6 2. Nf3 d5 3. Nc3 Bg4 4. h3 Bxf3 5. Qxf3 e6 6. d3 Nd7 7. Bd2 Ne7 8. g3 Ne5 9. Qg2 d4 10. Nd1 g6 11. f4 Nd7 12. Be2 Bg7 13. g4 f5 14. e5 Qb6 15. Bf3 0-0-0 16. g5 h6 17. b4 hxg5 18. Qxg5 Rde8 19. Nb2 Bh6 20. Qg3 Nxe5 21. fxe5 Bxd2+ 22. Kxd2 Qxb4+ 23. Kc1 f4 24. Qf2 Nf5 25. Nc4 Kc7 26. Rb1 Qc5 27. Bg4 b5 28. Bxf5 bxc4 29. Bxg6 Reg8 30. Qxf4 Rf8 31. Qg3 Rhg8 32. dxc4 Rxg6 33. Qxg6 Qa3+ 34. Rb2 Qf3 35. Re1 Qf4+ 36. Kb1 Qf2 37. Qg1 Qd2 38. Rd1 Qf2 39. Rb3 1-0

[Event "Vellmar op 7th"]
[Site "Vellmar"]
[Date "2015.08.06"]
[Round "1"]
[White "Sevall, Jacob Cameron"]
[Black "Gassmann, Volker"]
[Result "0-1"]
[WhiteElo "1931"]
[BlackElo "2207"]
[PlyCount "122"]
[EventDate "2015.08.06"]
[EventType "swiss"]
[EventRounds "7"]
[EventCountry "GER"]
[SourceTitle "CBM 167 Extra"]
[Source "ChessBase"]
[SourceDate "2015.09.14"]
[SourceVersion "1"]
[SourceVersionDate "2015.09.14"]
[SourceQuality "1"]

1. d4 Nf6 2. c4 e6 3. Nc3 d5 4. Nf3 Nbd7 5. Bg5 c6 6. e3 Qa5 7. Rc1 Ne4 8. Bf4 Bb4 9. Qb3 Nb6 10. a3 Be7 11. Bc7 Nxc3 12. Rxc3 dxc4 13. Bxc4 0-0 14. 0-0 Kh8 15. Ne5 f6 16. Nd3 Qg5 17. Bxb6 axb6 18. Bxe6 Bd8 19. f4 Qh5 20. f5 Bc7 21. Nf4 Bxf4 22. Rxf4 Ra5 23. Bxc8 Rxc8 24. g4 Qh4 25. Qxb6 Raa8 26. Qxb7 Qe1+ 27. Rf1 Qe2 28. Rf4 Rab8 29. Qd7 Rg8 30. Rf2 Qxg4+ 31. Kf1 Qd1+ 32. Kg2 g6 33. e4 Qg4+ 34. Rg3 Qxe4+ 35. Kh3 g5 36. Qd6 Rgf8 37. Rc3 Rbd8 38. Qxc6 Qxd4 39. Qf3 Rg8 40. Kg2 Rge8 41. h3 Re4 42. Re2 Rf4 43. Qb7 g4 44. Rg3 Qd1 45. Rge3 Rg8 46. Kg3 Rf3+ 47. Qxf3 gxf3+ 48. Kxf3 Qf1+ 49. Rf2 Qxh3+ 50. Ke2 Qg4+ 51. Rff3 Qd4 52. b4 Rg2+ 53. Kf1 Rg8 54. Kf2 Rc8 55. Kg3 h5 56. Re6 Qg4+ 57. Kf2 Rc2+ 58. Re2 Qd4+ 59. Rfe3 Rc3 60. Kf3 Qg4+ 61. Kf2 Qf4+ 0-1

[Event "NRW Class2 1415"]
[Site "Germany"]
[Date "2015.04.26"]
[Round "9.5"]
[White "Gassmann, Volker"]
[Black "Janyska, Dennis"]
[Result "1-0"]
[WhiteElo "2131"]
[BlackElo "1998"]
[PlyCount "45"]
[EventDate "2014.09.14"]
[EventType "team-tourn"]
[EventRounds "9"]
[EventCountry "GER"]
[SourceTitle "EXT 2017"]
[Source "ChessBase"]
[SourceDate "2016.10.25"]
[SourceVersion "1"]
[SourceVersionDate "2016.10.25"]
[SourceQuality "1"]
[WhiteTeam "Katernberg II"]
[BlackTeam "Guetersloh"]
[WhiteTeamCountry "GER"]
[BlackTeamCountry "GER"]

1. c4 e6 2. g3 Nf6 3. Bg2 d5 4. Nf3 Nbd7 5. 0-0 Bd6 6. d4 c6 7. Nbd2 Qe7 8. Re1 b6 9. e4 Nxe4 10. Nxe4 dxe4 11. Rxe4 Bb7 12. Rg4 Nf6 13. Rxg7 Qf8 14. Rg5 h6 15. Re5 Bxe5 16. Nxe5 Nd7 17. Nxc6 Bxc6 18. Bxc6 Rc8 19. Bxd7+ Kxd7 20. Qa4+ Kc7 21. Qxa7+ Kc6 22. Bf4 Qd8 23. b4 1-0